000 00154nam a22000857a 4500
082 _a001
100 _aCBSE
245 _aALTERNATIVES TO HOMEWORK
942 _cBK
999 _c8452
_d8452